[Event "V  Torneo Internacional A.D. San Juan"]
[Site "Pamplona (Navarra). Hotel Blanca de Navarra (Avda.
[Date "2011.07.29"]
[Round "6"]
[Board "1"]
[White "Oleksienko, Mikhailo"]
[Black "Paunovic, Dragan"]
[Result "1/2-1/2"]
[WhiteElo "2564"]
[BlackElo "2503"]
[PlyCount "117"]
[EventDate "2011.07.25"]
[EventRounds "9"]
[EventCountry "ESP"]

1.e4 d6 2.d4 Nf6 3.Nc3 e5 4.Nf3 Nbd7 5.Bc4 Be7 6.O-O O-O 7.Re1 c6 8.a4 exd4
9.Nxd4 Ne5 10.Bf1 Re8 11.a5 Bd7 12.f4 Ng6 13.g3 b5 14.axb6 axb6 15.Rxa8 Qxa8
16.Bg2 Qc8 17.Qd3 Bf8 18.Bd2 b5 19.b4 h5 20.Nf3 Be6 21.Ng5 Bc4 22.Qf3 Qg4 23.Qf2
Qd7 24.h3 Ne7 25.Nd1 d5 26.Ne3 Nxe4 27.Nxe4 dxe4 28.Nxc4 bxc4 29.Rxe4 Rd8 30.Be1
Nd5 31.Rxc4 Qb7 32.c3 Qa6 33.Rd4 Re8 34.Re4 Rxe4 35.Bxe4 Nf6 36.Bf3 c5 37.Qe2
Qc8 38.Kg2 cxb4 39.cxb4 Qb8 40.Qc4 Bd6 41.Bd2 Qb6 42.b5 Bc5 43.Bc6 Qa7 44.Be1
Bb6 45.Qc2 Qa3 46.Bf2 Bxf2 47.Qxf2 Qa4 48.Qd2 Qc4 49.Qb2 h4 50.Bf3 hxg3 51.Kxg3
Qd3 52.Qe5 Qb3 53.h4 Qb1 54.Kf2 Qc2+ 55.Kg3 Qg6+ 56.Kh3 Qd3 57.Kg3 Qg6+ 58.Qg5
Qd3 59.Qe5 1/2-1/2

[Event "V  Torneo Internacional A.D. San Juan"]
[Site "Pamplona (Navarra). Hotel Blanca de Navarra (Avda.
[Date "2011.07.29"]
[Round "6"]
[Board "1"]
[White "Reinaldo Castineira, Roi"]
[Black "Khamrakulov, Ibragim S"]
[Result "1/2-1/2"]
[WhiteElo "2492"]
[BlackElo "2496"]
[PlyCount "110"]
[EventDate "2011.07.25"]
[EventRounds "9"]
[EventCountry "ESP"]

1.e4 c5 2.Nc3 Nc6 3.Nf3 e6 4.d4 cxd4 5.Nxd4 Qc7 6.Be3 Nf6 7.Bd3 Ne5 8.h3 a6
9.O-O Nc4 10.Bxc4 Qxc4 11.e5 Nd5 12.Ne4 Qc7 13.Qh5 g6 14.Qg5 b5 15.Rad1 h6
16.Qg3 Bb7 17.Nb3 O-O-O 18.Bc5 Kb8 19.Nd6 Ka8 20.Rd4 Bxd6 21.exd6 Qc6 22.c4 bxc4
23.Rxc4 g5 24.Na5 Qb5 25.b4 Nf4 26.Qb3 Bd5 27.a4 Bxc4 28.Nxc4 Qb7 29.f3 Rc8
30.Nb6+ Kb8 31.a5 Qc6 32.Qc4 Kb7 33.Rb1 f5 34.Kh1 Rhd8 35.Qd4 Qb5 36.Nc4 Ne2
37.Qd3 Nc3 38.Qxc3 Rxc5 39.bxc5 Qxb1+ 40.Kh2 Qb5 41.Nb6 Kc6 42.Qf6 Rb8 43.Nxd7
Kxd7 44.Qe7+ Kc6 45.Qc7+ Kd5 46.d7 Qc6 47.Qxb8 Qxd7 48.Qb3+ Kxc5 49.Qb6+ Kd5
50.Qxa6 Qc7+ 51.Kh1 Qc1+ 52.Kh2 Qc7+ 53.Kh1 Qc1+ 54.Kh2 Qf4+ 55.Kh1 Qc1+ 1/2-1/2

[Event "V  Torneo Internacional A.D. San Juan"]
[Site "Pamplona (Navarra). Hotel Blanca de Navarra (Avda.
[Date "2011.07.29"]
[Round "7"]
[Board "1"]
[White "Damljanovic, Branko"]
[Black "Delchev, Aleksander"]
[Result "1/2-1/2"]
[WhiteElo "2611"]
[BlackElo "2622"]
[PlyCount "70"]
[EventDate "2011.07.25"]
[EventRounds "9"]
[EventCountry "ESP"]

1.c4 Nf6 2.Nc3 d5 3.cxd5 Nxd5 4.d4 g6 5.e4 Nxc3 6.bxc3 Bg7 7.Be3 c5 8.Rc1 O-O
9.Qd2 Qa5 10.Nf3 Rd8 11.d5 e6 12.c4 Qxd2+ 13.Nxd2 b6 14.h4 Na6 15.h5 Re8 16.hxg6
hxg6 17.a3 Bd7 18.Bd3 Rad8 19.O-O Ba4 20.Nb1 exd5 21.exd5 Nc7 22.Nc3 Rxe3
23.fxe3 Bd7 24.Kf2 Ne8 25.Ke2 Nd6 26.Kd2 Re8 27.Rce1 Be5 28.a4 Kg7 29.Nb5 Bxb5
30.axb5 Ra8 31.Rb1 a5 32.bxa6 Rxa6 33.Rfc1 f5 34.Rc2 Kf6 35.Ke2 Kg5 1/2-1/2

[Event "V  Torneo Internacional A.D. San Juan"]
[Site "Pamplona (Navarra). Hotel Blanca de Navarra (Avda.
[Date "2011.07.29"]
[Round "7"]
[Board "1"]
[White "Granda Zuniga, Julio E"]
[Black "Iturrizaga, Eduardo"]
[Result "1/2-1/2"]
[WhiteElo "2616"]
[BlackElo "2603"]
[PlyCount "107"]
[EventDate "2011.07.25"]
[EventRounds "9"]
[EventCountry "ESP"]

1.Nf3 c5 2.b3 b6 3.c4 Bb7 4.Bb2 e6 5.e3 Nf6 6.d4 cxd4 7.exd4 Bb4+ 8.Nbd2 O-O
9.Bd3 d5 10.O-O Nc6 11.Qe2 Rc8 12.Rfd1 Re8 13.Nf1 Ne7 14.Ne5 Ng6 15.Bxg6 hxg6
16.c5 bxc5 17.a3 Ba5 18.dxc5 Bc7 19.b4 Nd7 20.Nxd7 Qxd7 21.b5 Ba8 22.c6 Qd6
23.Qd3 Red8 24.Re1 d4 25.a4 a6 26.Ba3 Qd5 27.Rec1 e5 28.Nd2 Rb8 29.Rab1 f5 30.f3
Kh7 31.Qc4 axb5 32.axb5 e4 33.fxe4 fxe4 34.Qxd5 Rxd5 35.Nxe4 Rdxb5 36.Rxb5 Rxb5
37.Bd6 Bb6 38.Bf4 d3+ 39.Kf1 Rb2 40.h4 Rc2 41.Rxc2 dxc2 42.Ng5+ Kg8 43.Ke2 Bxc6
44.Kd2 Bxg2 45.Bg3 Kf8 46.Kxc2 Ke7 47.Kd3 Kf6 48.Be1 Kf5 49.Bc3 Bf2 50.Bxg7 Bxh4
51.Nf7 Bd5 52.Nd6+ Kf4 53.Kd4 Bc6 54.Bh6+ 1/2-1/2

[Event "V  Torneo Internacional A.D. San Juan"]
[Site "Pamplona (Navarra). Hotel Blanca de Navarra (Avda.
[Date "2011.07.29"]
[Round "7"]
[Board "1"]
[White "Fedorchuk, Sergey A"]
[Black "Almeida Quintana, Omar"]
[Result "1-0"]
[WhiteElo "2618"]
[BlackElo "2548"]
[PlyCount "81"]
[EventDate "2011.07.25"]
[EventRounds "9"]
[EventCountry "ESP"]

1.e4 g6 2.d4 Bg7 3.Nc3 d6 4.Be3 a6 5.h4 h5 6.Qd2 b5 7.f3 Nd7 8.Nh3 Nb6 9.Ng5 c6
10.Bd3 Qc7 11.a4 b4 12.Ne2 a5 13.Nf4 Nh6 14.c4 bxc3 15.bxc3 e5 16.Ne2 f6 17.dxe5
dxe5 18.Qb2 Rb8 19.Rb1 fxg5 20.Bxb6 Qe7 21.hxg5 Qxg5 22.Qd2 Qxg2 23.Rg1 Qxf3
24.Rxg6 Bf6 25.Kd1 Ng4 26.Kc2 Kf7 27.Ng1 Qh1 28.Rxf6+ Nxf6 29.Rf1 Rxb6 30.Qf2 c5
31.Nf3 Qxf3 32.Qxf3 Bg4 33.Qe3 Kg6 34.Qxc5 Re6 35.Bc4 Ree8 36.Qxa5 h4 37.Qb6
Rhf8 38.Qg1 Kh5 39.Be2 Rg8 40.Rxf6 Bxe2 41.Rf5+ 1-0

[Event "V  Torneo Internacional A.D. San Juan"]
[Site "Pamplona (Navarra). Hotel Blanca de Navarra (Avda.
[Date "2011.07.29"]
[Round "7"]
[Board "1"]
[White "Gonzalez Vidal, Yuri"]
[Black "Solodovnichenko, Yuri"]
[Result "1/2-1/2"]
[WhiteElo "2503"]
[BlackElo "2615"]
[PlyCount "41"]
[EventDate "2011.07.25"]
[EventRounds "9"]
[EventCountry "ESP"]

1.e4 e5 2.Nf3 Nf6 3.Nxe5 d6 4.Nf3 Nxe4 5.Bd3 Nf6 6.h3 Be7 7.O-O O-O 8.c3 c5
9.Bc2 Nc6 10.d4 Be6 11.Re1 h6 12.Qd3 Re8 13.Nbd2 Bf8 14.dxc5 dxc5 15.Ne4 Nxe4
16.Qxe4 g6 17.Qf4 Qb8 18.Qh4 Qd8 19.Qf4 Qb8 20.Qh4 Qd8 21.Qf4 1/2-1/2

[Event "V  Torneo Internacional A.D. San Juan"]
[Site "Pamplona (Navarra). Hotel Blanca de Navarra (Avda.
[Date "2011.07.29"]
[Round "7"]
[Board "1"]
[White "Aroshidze, Levan"]
[Black "Oleksienko, Mikhailo"]
[Result "1-0"]
[WhiteElo "2539"]
[BlackElo "2564"]
[PlyCount "57"]
[EventDate "2011.07.25"]
[EventRounds "9"]
[EventCountry "ESP"]

1.e4 e5 2.Nf3 Nc6 3.Bb5 a6 4.Ba4 Nf6 5.O-O b5 6.Bb3 Bc5 7.c3 d6 8.a4 Bg4 9.h3
Bxf3 10.Qxf3 Na5 11.Bc2 b4 12.d3 Rb8 13.Nd2 O-O 14.Re1 Re8 15.Nf1 bxc3 16.bxc3
Nb3 17.Rb1 Nxc1 18.Rexc1 c6 19.Ng3 Qa5 20.Ne2 d5 21.d4 Rxb1 22.Rxb1 dxe4 23.Bxe4
Nxe4 24.Qxe4 Qxa4 25.f4 f6 26.Rb7 Bf8 27.Ng3 Qc4 28.fxe5 Rxe5 29.dxe5 1-0

[Event "V  Torneo Internacional A.D. San Juan"]
[Site "Pamplona (Navarra). Hotel Blanca de Navarra (Avda.
[Date "2011.07.29"]
[Round "7"]
[Board "1"]
[White "Khamrakulov, Ibragim S"]
[Black "Ortiz Suarez, Isan Reynaldo"]
[Result "1/2-1/2"]
[WhiteElo "2496"]
[BlackElo "2556"]
[PlyCount "145"]
[EventDate "2011.07.25"]
[EventRounds "9"]
[EventCountry "ESP"]

1.e4 c5 2.c3 d6 3.d4 Nf6 4.Bd3 g6 5.Nf3 Bg7 6.O-O O-O 7.h3 Nc6 8.d5 Ne5 9.Nxe5
dxe5 10.c4 Nh5 11.Re1 Nf4 12.Bxf4 exf4 13.e5 Qc7 14.Qe2 f3 15.Qxf3 Bxe5 16.Nc3
Bd7 17.Re2 f5 18.Rae1 Bf6 19.Nb5 Qb6 20.d6 exd6 21.Qd5+ Kh8 22.Nxd6 Bc6 23.Qe6
Qc7 24.Nb5 Qg7 25.Qe3 a6 26.Nc3 f4 27.Qxc5 f3 28.Rd2 fxg2 29.Nd5 Bd4 30.Qe7 Rf7
31.Qh4 Raf8 32.Ree2 Bf6 33.Qg3 Qh6 34.Be4 Bg5 35.Rd1 Bh4 36.Qc3+ Kg8 37.Rdd2 Bg5
38.Rd3 Qh4 39.Rg3 Qh5 40.Qd3 Kh8 41.Bxg2 Bh6 42.b4 Bg7 43.Rge3 b5 44.Rc2 bxc4
45.Qxc4 Qd1+ 46.Kh2 Bxd5 47.Bxd5 Rf4 48.Qc6 R4f6 49.Qc4 Rxf2+ 50.Rxf2 Rxf2+
51.Bg2 Qd6+ 52.Kh1 Rf8 53.Rf3 Rd8 54.a4 Qd1+ 55.Rf1 Qxa4 56.Qc7 Rg8 57.Qc6 Qxb4
58.Qxa6 Qh4 59.Qd6 Rd8 60.Qc7 Qg5 61.Qf4 Qc5 62.Qe4 Qc3 63.Qc6 Qg3 64.Qf3 Qd6
65.Qc6 Qd4 66.Qe4 Qb2 67.Qb7 Qxb7 68.Bxb7 h5 69.Be4 Kh7 70.Rg1 Rd6 71.Rxg6 Rxg6
72.Bxg6+ Kxg6 73.Kg2 1/2-1/2

[Event "V  Torneo Internacional A.D. San Juan"]
[Site "Pamplona (Navarra). Hotel Blanca de Navarra (Avda.
[Date "2011.07.29"]
[Round "7"]
[Board "1"]
[White "Paunovic, Dragan"]
[Black "Moreno Ruiz, Javier"]
[Result "1/2-1/2"]
[WhiteElo "2503"]
[BlackElo "2545"]
[PlyCount "108"]
[EventDate "2011.07.25"]
[EventRounds "9"]
[EventCountry "ESP"]

1.d4 e6 2.g3 f5 3.Bg2 Nf6 4.Nf3 Be7 5.O-O O-O 6.c4 d6 7.Nc3 Ne4 8.Qc2 Nxc3
9.Qxc3 a5 10.Qc2 Nc6 11.Bd2 e5 12.d5 Nb8 13.c5 Nd7 14.cxd6 cxd6 15.Rac1 Nc5
16.Be3 e4 17.Nd4 Bd7 18.f3 Bg5 19.Bxg5 Qxg5 20.Ne6 Bxe6 21.dxe6 f4 22.Qd2 Nxe6
23.Qxd6 Rf6 24.fxe4 Rd8 25.gxf4 Qg4 26.Qb6 Qxg2+ 27.Kxg2 Nxf4+ 28.Rxf4 Rxb6
29.Rc2 Rb4 30.Kf3 Re8 31.b3 g6 32.Rc7 g5 33.Rff7 Rbxe4 34.Rg7+ Kh8 35.Rxh7+ Kg8
36.Rcg7+ Kf8 37.Rxg5 Re3+ 38.Kg4 R8e4+ 39.Kh5 Rh3+ 40.Kg6 Rxh7 41.Kxh7 Rxe2
42.h4 Rxa2 43.h5 a4 44.b4 Rb2 45.Rg8+ Kf7 46.Rg7+ Kf8 47.Rxb7 a3 48.h6 a2
49.Rb8+ Kf7 50.Ra8 Rxb4 51.Rxa2 Rg4 52.Ra7+ Kf8 53.Rg7 Rh4 54.Rg5 Rf4 1/2-1/2

[Event "V  Torneo Internacional A.D. San Juan"]
[Site "Pamplona (Navarra). Hotel Blanca de Navarra (Avda.
[Date "2011.07.29"]
[Round "7"]
[Board "1"]
[White "Chatalbashev, Boris"]
[Black "Das, Arghyadip"]
[Result "1-0"]
[WhiteElo "2596"]
[BlackElo "2471"]
[PlyCount "90"]
[EventDate "2011.07.25"]
[EventRounds "9"]
[EventCountry "ESP"]

1.d4 d5 2.c4 dxc4 3.Nf3 Nf6 4.e3 e6 5.Bxc4 a6 6.O-O c5 7.Bb3 Be7 8.Qe2 cxd4
9.Nxd4 O-O 10.Nc3 e5 11.Nf3 Nc6 12.Rd1 Qc7 13.h3 e4 14.Nd4 Bd7 15.Bd5 Qe5
16.Nxc6 Bxc6 17.Bxc6 bxc6 18.Bd2 Bd6 19.g3 h5 20.h4 Rfd8 21.Be1 Qf5 22.Rd4 a5
23.Rad1 Be7 24.Rxd8+ Rxd8 25.Rxd8+ Bxd8 26.Qc4 Qe6 27.Qxe6 fxe6 28.b3 Kf7 29.Na4
Nd7 30.Nb2 e5 31.Nc4 a4 32.bxa4 Ke6 33.a5 Kd5 34.a6 Nb6 35.Nxb6+ Bxb6 36.Bc3 Ba7
37.Kf1 c5 38.Ke2 Bb8 39.a4 g6 40.Kd2 Kc4 41.Kc2 Ba7 42.Ba5 Kd5 43.Kc3 Kd6 44.Kc4
Kc6 45.Bd8 Bb8 1-0

[Event "V  Torneo Internacional A.D. San Juan"]
[Site "Pamplona (Navarra). Hotel Blanca de Navarra (Avda.
[Date "2011.07.30"]
[Round "8"]
[Board "1"]
[White "Delchev, Aleksander"]
[Black "Granda Zuniga, Julio E"]
[Result "0-1"]
[WhiteElo "2622"]
[BlackElo "2616"]
[PlyCount "120"]
[EventDate "2011.07.25"]
[EventRounds "9"]
[EventCountry "ESP"]

1.d4 d5 2.c4 c6 3.Nc3 Nf6 4.e3 a6 5.Nf3 b5 6.b3 g6 7.Be2 Nbd7 8.O-O Bb7 9.Bb2
Bg7 10.cxd5 cxd5 11.a4 b4 12.Na2 a5 13.Nc1 O-O 14.Nd3 Qb6 15.Rc1 Rfc8 16.Nde5
Nxe5 17.Nxe5 Ne4 18.Qd3 Nc3 19.Bxc3 Ba6 20.Nd7 Qd6 21.Qd1 Bxe2 22.Qxe2 Rxc3
23.Qb5 Rac8 24.Nc5 e5 25.Rcd1 exd4 26.exd4 Bxd4 27.Nb7 Qe5 28.Nxa5 R3c5 29.Qa6
Bc3 30.Nb7 R5c6 31.Qb5 Qc7 32.a5 d4 33.Rd3 Rb8 34.a6 Ra8 35.Na5 Rcxa6 36.Nc4 Re6
37.Qd5 Rd8 38.Qf3 Rde8 39.g3 Qa7 40.Qd5 R8e7 41.h4 h5 42.Kg2 Qa2 43.Rf3 Qxb3
44.Rxf7 Rxf7 45.Qxe6 Kg7 46.Qe5+ Kh7 47.Nd6 d3 48.Qb5 Re7 49.Qxd3 Qe6 50.Nb5
Qc6+ 51.Kg1 Rd7 52.Qe2 Bg7 53.Rb1 Qc5 54.Kf1 Rd5 55.Nc7 Qxc7 56.Rxb4 Qd7 57.Kg2
Rd2 58.Qe4 Qf7 59.Qf4 Qd5+ 60.Kh2 Re2 {0-1 delchev aleksandar (2622)-julio
granda (2616)/torneo  san juan 2011} 0-1

[Event "V  Torneo Internacional A.D. San Juan"]
[Site "Pamplona (Navarra). Hotel Blanca de Navarra (Avda.
[Date "2011.07.30"]
[Round "8"]
[Board "1"]
[White "Iturrizaga, Eduardo"]
[Black "Fedorchuk, Sergey A"]
[Result "1/2-1/2"]
[WhiteElo "2603"]
[BlackElo "2618"]
[PlyCount "60"]
[EventDate "2011.07.25"]
[EventRounds "9"]
[EventCountry "ESP"]

1.Nf3 Nf6 2.c4 b6 3.g3 c5 4.Bg2 Bb7 5.O-O g6 6.Nc3 Bg7 7.d4 cxd4 8.Qxd4 d6 9.Be3
Nbd7 10.Rac1 Rc8 11.b3 a6 12.Rfd1 O-O 13.Qd2 Re8 14.Bh3 Rc7 15.Ne1 Qb8 16.Nd3
Nc5 17.f3 Nxd3 18.Qxd3 Bc8 19.Bxc8 Rexc8 20.Bd4 b5 21.Bxf6 bxc4 22.bxc4 Bxf6
23.Nd5 Qa7+ 24.Kg2 Rc6 25.Nxf6+ exf6 26.Rc2 Kg7 27.Qd4 Qxd4 28.Rxd4 d5 29.Rxd5
Rxc4 30.Rxc4 Rxc4 1/2-1/2

[Event "V  Torneo Internacional A.D. San Juan"]
[Site "Pamplona (Navarra). Hotel Blanca de Navarra (Avda.
[Date "2011.07.30"]
[Round "8"]
[Board "1"]
[White "Aroshidze, Levan"]
[Black "Damljanovic, Branko"]
[Result "0-1"]
[WhiteElo "2539"]
[BlackElo "2611"]
[PlyCount "90"]
[EventDate "2011.07.25"]
[EventRounds "9"]
[EventCountry "ESP"]

1.e4 c5 2.Nf3 d6 3.d4 cxd4 4.Nxd4 Nf6 5.Nc3 a6 6.Bg5 Nc6 7.Qd2 e6 8.O-O-O Bd7
9.f4 b5 10.Bxf6 gxf6 11.Kb1 Qb6 12.Nce2 Na5 13.Ng3 Be7 14.Nh5 O-O-O 15.f5 e5
16.Ne2 b4 17.Nc1 d5 18.exd5 Bxf5 19.Bd3 Bg6 20.Ng3 Kb8 21.Nf5 Bc5 22.Qe2 Nb7
23.Be4 Bxf5 24.Bxf5 Nd6 25.Rhf1 h6 26.Nb3 Be3 27.Rf3 Bg5 28.Be4 Rc8 29.Nc1 h5
30.Bf5 e4 31.Rff1 Rc7 32.Nb3 h4 33.Nd4 Re8 34.Nc6+ Kb7 35.Bg4 Qc5 36.Rd4 Kb6
37.Rfd1 f5 38.Bh3 Bf6 39.Qe3 Bxd4 40.Nxd4 Re5 41.g3 Rxd5 42.Bf1 f4 43.gxf4 Nf5
44.Qe2 Rcd7 45.Qxa6+ Kc7 0-1

[Event "V  Torneo Internacional A.D. San Juan"]
[Site "Pamplona (Navarra). Hotel Blanca de Navarra (Avda.
[Date "2011.07.30"]
[Round "8"]
[Board "1"]
[White "Solodovnichenko, Yuri"]
[Black "Paunovic, Dragan"]
[Result "1/2-1/2"]
[WhiteElo "2615"]
[BlackElo "2503"]
[PlyCount "50"]
[EventDate "2011.07.25"]
[EventRounds "9"]
[EventCountry "ESP"]

1.e4 d6 2.d4 Nf6 3.Nc3 e5 4.Nf3 Nbd7 5.Bc4 Be7 6.O-O O-O 7.Re1 c6 8.a4 exd4
9.Qxd4 Ne5 10.Be2 Qc7 11.h3 Nfd7 12.Be3 Bf6 13.Qd2 Nxf3+ 14.Bxf3 a5 15.Rad1 Be5
16.b3 Nc5 17.Ne2 Re8 18.g4 h5 19.gxh5 Bxh3 20.Nf4 Qc8 21.Nd3 Nxe4 22.Qc1 Nc3
23.Nxe5 dxe5 24.Rd3 e4 25.Rxc3 exf3 {ilegible} 1/2-1/2

[Event "V  Torneo Internacional A.D. San Juan"]
[Site "Pamplona (Navarra). Hotel Blanca de Navarra (Avda.
[Date "2011.07.30"]
[Round "8"]
[Board "1"]
[White "Castellanos Rodriguez, Renier"]
[Black "Chatalbashev, Boris"]
[Result "1/2-1/2"]
[WhiteElo "2497"]
[BlackElo "2596"]
[PlyCount "109"]
[EventDate "2011.07.25"]
[EventRounds "9"]
[EventCountry "ESP"]

1.e4 g6 2.d4 Bg7 3.Nc3 d6 4.Be3 a6 5.Qd2 Nd7 6.h4 h5 7.Nh3 b5 8.Ng5 Bb7 9.f3 Rc8
10.O-O-O c5 11.dxc5 Nxc5 12.Kb1 Qc7 13.g3 Nf6 14.Bh3 Ncd7 15.Bd4 O-O 16.Bxd7
Qxd7 17.Ne2 Qc7 18.Bc3 d5 19.e5 Nh7 20.Nxh7 Kxh7 21.Bd4 Bxe5 22.f4 Bxd4 23.Nxd4
e5 24.fxe5 Qxe5 25.g4 Rce8 26.Rde1 Qg3 27.gxh5 Rxe1+ 28.Rxe1 Qxh4 29.hxg6+ fxg6
30.a3 Bc8 31.Re2 Qf4 32.Qc3 Bg4 33.Re1 Rc8 34.Qb4 Rc7 35.Ka1 g5 36.c3 Kg6 37.Qb3
Qf2 38.Rh1 Bf3 39.Nxf3 Qxf3 40.Qc2+ Qe4 41.Qh2 Qf4 42.Qh6+ Kf5 43.Re1 g4 44.Qe6+
Kg5 45.Qxd5+ Kh4 46.Rh1+ Kg3 47.Rg1+ Kh4 48.Qd8+ Kh5 49.Rh1+ Kg6 50.Qg8+ Kf6
51.Qh8+ Kg6 52.Qh5+ Kf6 53.Qh4+ Kg6 54.Qh5+ Kf6 55.Qh4+ 1/2-1/2

[Event "V  Torneo Internacional A.D. San Juan"]
[Site "Pamplona (Navarra). Hotel Blanca de Navarra (Avda.
[Date "2011.07.30"]
[Round "8"]
[Board "1"]
[White "Ortiz Suarez, Isan Reynaldo"]
[Black "Valles Moreno, Ivan"]
[Result "1-0"]
[WhiteElo "2556"]
[BlackElo "2387"]
[PlyCount "81"]
[EventDate "2011.07.25"]
[EventRounds "9"]
[EventCountry "ESP"]

1.e4 e5 2.Nf3 Nc6 3.Bb5 a6 4.Ba4 Nf6 5.O-O Nxe4 6.d4 b5 7.Bb3 d5 8.dxe5 Be6
9.Nbd2 Nc5 10.c3 Bg4 11.Re1 Qd7 12.Nf1 Nxb3 13.axb3 Be7 14.h3 Be6 15.Bg5 O-O
16.Bxe7 Nxe7 17.b4 Ng6 18.Ng3 Rfe8 19.Qd4 h6 20.Kh2 Qc8 21.Nd2 a5 22.f4 Nh4
23.bxa5 c5 24.Qf2 d4 25.Nde4 Qc6 26.cxd4 Red8 27.dxc5 Rd3 28.Rad1 Rad8 29.Nd6
Rf3 30.Qe2 Re3 31.Qf1 Rf3 32.Qe2 Re3 33.Nde4 Rxe2 34.Rxd8+ Kh7 35.Rxe2 b4 36.Rd6
Qb5 37.a6 Bc4 38.Red2 Qa4 39.c6 Bxa6 40.c7 Bc8 41.Rd8 1-0

[Event "V  Torneo Internacional A.D. San Juan"]
[Site "Pamplona (Navarra). Hotel Blanca de Navarra (Avda.
[Date "2011.07.30"]
[Round "8"]
[Board "1"]
[White "Khamrakulov, Ibragim S"]
[Black "Ninov, Nikolai"]
[Result "0-1"]
[WhiteElo "2496"]
[BlackElo "2518"]
[PlyCount "62"]
[EventDate "2011.07.25"]
[EventRounds "9"]
[EventCountry "ESP"]

1.e4 c5 2.Nf3 g6 3.c3 Bg7 4.d4 cxd4 5.cxd4 d5 6.exd5 Nf6 7.Nc3 Nxd5 8.Qb3 Nxc3
9.bxc3 O-O 10.Be2 Nc6 11.O-O Qc7 12.Rd1 Rd8 13.Bg5 Be6 14.Qa3 Rac8 15.Rd2 h6
16.Bh4 f5 17.Rad1 Bd5 18.c4 Bxf3 19.Bxf3 Rxd4 20.Bd5+ Kf8 21.Rxd4 Nxd4 22.Qe3 e6
23.Bxe6 f4 24.Qa3+ Qc5 25.Qh3 Re8 26.Bd7 Re2 27.Bd8 Qb4 28.Rf1 Qxc4 29.Qa3+ Kg8
30.h3 Rxa2 31.Qd6 Qxf1+ 0-1

[Event "V  Torneo Internacional A.D. San Juan"]
[Site "Pamplona (Navarra). Hotel Blanca de Navarra (Avda.
[Date "2011.07.30"]
[Round "8"]
[Board "1"]
[White "Riff, Jean-Noel"]
[Black "Gonzalez Vidal, Yuri"]
[Result "0-1"]
[WhiteElo "2493"]
[BlackElo "2503"]
[PlyCount "56"]
[EventDate "2011.07.25"]
[EventRounds "9"]
[EventCountry "ESP"]

1.e4 c6 2.d4 d5 3.e5 c5 4.dxc5 Nc6 5.Nf3 Bg4 6.h3 Bxf3 7.Qxf3 e6 8.Qg3 Nge7
9.Bd3 Ng6 10.f4 Bxc5 11.a3 O-O 12.Nd2 f6 13.Nb3 Bb6 14.Bxg6 hxg6 15.Qxg6 fxe5
16.Qxe6+ Kh7 17.Qg4 exf4 18.Bd2 Qe8+ 19.Kd1 Be3 20.g3 Ne5 21.Qh4+ Kg8 22.gxf4
Rxf4 23.Qe1 Nc4 24.Bxe3 Nxe3+ 25.Kd2 Qe4 26.Qxe3 Qg2+ 27.Kd3 Rf3 28.Rhe1 Re8 0-1

[Event "V  Torneo Internacional A.D. San Juan"]
[Site "Pamplona (Navarra). Hotel Blanca de Navarra (Avda.
[Date "2011.07.31"]
[Round "9"]
[Board "1"]
[White "Granda Zuniga, Julio E"]
[Black "Damljanovic, Branko"]
[Result "1/2-1/2"]
[WhiteElo "2616"]
[BlackElo "2611"]
[PlyCount "137"]
[EventDate "2011.07.25"]
[EventRounds "9"]
[EventCountry "ESP"]

1.d4 d6 2.Nf3 Nf6 3.g3 g6 4.Bg2 Bg7 5.O-O O-O 6.c4 c6 7.Nc3 Qa5 8.e4 e5 9.h3 Be6
10.Qe2 exd4 11.Nxd4 Re8 12.Bf4 Nh5 13.Be3 Nd7 14.Rac1 Nc5 15.Rfd1 Qb4 16.Bf1 a5
17.a3 Qb6 18.Nxe6 Rxe6 19.Na4 Qc7 20.Bxc5 dxc5 21.Nxc5 Re7 22.Bg2 f5 23.Qd3 f4
24.g4 Nf6 25.Qb3 Kh8 26.e5 Qxe5 27.Nxb7 Qc7 28.Nd6 Nd7 29.Qf3 Rf8 30.Qxc6 Qxc6
31.Bxc6 Bxb2 32.Rb1 Bxa3 33.Rb7 Bxd6 34.Rxd6 Re1+ 35.Kg2 Ne5 36.Bd5 f3+ 37.Kg3
Rg1+ 38.Kh4 Rh1 39.Re6 g5+ 40.Kxg5 Nf7+ 41.Kh4 Nd8 42.Ree7 Nxb7 43.Rxb7 Rf1
44.Kg3 Rg1+ 45.Kh4 Rf1 46.Rb2 Re1 47.Kg3 Rg1+ 48.Kh2 Ra1 49.c5 Rc1 50.Rb5 a4
51.Ra5 Rd8 52.Bxf3 Rc3 53.Be4 Rd2 54.Kg2 a3 55.Ra8+ Kg7 56.Ra7+ Kf6 57.Bxh7 a2
58.Bg8 Rcc2 59.Kg3 Rxf2 60.c6 Rfd2 61.Kh4 Rd8 62.g5+ Ke5 63.Bxa2 Rh8+ 64.Kg4
Rxc6 65.Re7+ Kd4 66.Rd7+ Ke5 67.Rd5+ Ke4 68.Rd1 Ke3 69.Bf7 1/2-1/2

[Event "V  Torneo Internacional A.D. San Juan"]
[Site "Pamplona (Navarra). Hotel Blanca de Navarra (Avda.
[Date "2011.07.31"]
[Round "9"]
[Board "1"]
[White "Gonzalez Vidal, Yuri"]
[Black "Iturrizaga, Eduardo"]
[Result "0-1"]
[WhiteElo "2503"]
[BlackElo "2603"]
[PlyCount "62"]
[EventDate "2011.07.25"]
[EventRounds "9"]
[EventCountry "ESP"]

1.e4 c5 2.Nf3 g6 3.d4 cxd4 4.Nxd4 Nc6 5.Nc3 Bg7 6.Be3 Nf6 7.Bc4 O-O 8.Bb3 d6
9.f3 Bd7 10.Qd2 Nxd4 11.Bxd4 b5 12.O-O-O a5 13.Nd5 Nxd5 14.Bxg7 Kxg7 15.Bxd5 Rc8
16.a3 Qc7 17.Kb1 b4 18.axb4 axb4 19.h4 h5 20.g4 Qa5 21.Qd4+ e5 22.Qe3 Rc3 23.Rd3
Rfc8 24.Rxc3 bxc3 25.gxh5 Qb4 26.Qc1 Be6 27.Bxe6 Ra8 28.h6+ Kh7 29.Bd5 Ra7
30.Bxf7 Qa5 31.Bxg6+ Kh8 0-1

[Event "V  Torneo Internacional A.D. San Juan"]
[Site "Pamplona (Navarra). Hotel Blanca de Navarra (Avda.
[Date "2011.07.31"]
[Round "9"]
[Board "1"]
[White "Ninov, Nikolai"]
[Black "Ortiz Suarez, Isan Reynaldo"]
[Result "1/2-1/2"]
[WhiteElo "2518"]
[BlackElo "2556"]
[PlyCount "96"]
[EventDate "2011.07.25"]
[EventRounds "9"]
[EventCountry "ESP"]

1.e4 c5 2.Nf3 d6 3.d4 cxd4 4.Nxd4 Nf6 5.Nc3 a6 6.Be2 e6 7.f4 Qc7 8.O-O Be7 9.Bf3
Nc6 10.Nxc6 bxc6 11.e5 dxe5 12.fxe5 Nd7 13.Bf4 O-O 14.Qe2 Rb8 15.Rab1 Bc5+
16.Kh1 Bd4 17.Rfd1 c5 18.Na4 f6 19.Qc4 fxe5 20.Rxd4 exf4 21.Qxe6+ Kh8 22.Qd6
Qxd6 23.Rxd6 Ne5 24.Nxc5 Nxf3 25.gxf3 Bf5 26.Nxa6 Bxc2 27.Nxb8 Bxb1 28.Nd7 Re8
29.a4 Re1+ 30.Kg2 Re2+ 31.Kg1 g5 32.Rd5 Rxb2 33.Rb5 Rd2 34.Rxb1 Rxd7 35.a5 Ra7
36.Rb5 h6 37.h4 gxh4 38.Kh2 Rc7 39.Rb2 Ra7 40.Ra2 Ra6 41.Kh3 Kg7 42.Kg4 h3
43.Kxh3 Kf6 44.Kg4 Ke5 45.Ra4 Rg6+ 46.Kh4 Ra6 47.Kh5 Kf5 48.Ra1 Ke5 1/2-1/2

[Event "V  Torneo Internacional A.D. San Juan"]
[Site "Pamplona (Navarra). Hotel Blanca de Navarra (Avda.
[Date "2011.07.31"]
[Round "9"]
[Board "1"]
[White "Fedorchuk, Sergey A"]
[Black "Delchev, Aleksander"]
[Result "1-0"]
[WhiteElo "2618"]
[BlackElo "2622"]
[PlyCount "131"]
[EventDate "2011.07.25"]
[EventRounds "9"]
[EventCountry "ESP"]

1.e4 e5 2.Nf3 Nc6 3.Bc4 Bc5 4.c3 Nf6 5.d3 O-O 6.Bg5 h6 7.Bh4 Be7 8.Nbd2 d6 9.Bb3
Nd7 10.Bg3 Nc5 11.Bc2 f5 12.b4 fxe4 13.dxe4 Ne6 14.Nc4 Bf6 15.Ne3 Ne7 16.Qd2 Nf4
17.Rd1 Qe8 18.O-O Qh5 19.Bxf4 exf4 20.Nd5 Nxd5 21.exd5 Bh3 22.Be4 Qg4 23.Nd4
Bxd4 24.Qxd4 Rae8 25.Rd3 f3 26.Bxf3 Qxd4 27.cxd4 Bd7 28.Rc3 Bb5 29.Rfc1 Be2
30.Rxc7 Bxf3 31.gxf3 Rf7 32.Kg2 Re2 33.a4 Ree7 34.Rxe7 Rxe7 35.Rc8+ Kf7 36.Rd8
Rc7 37.Rxd6 Ke7 38.Re6+ Kd8 39.Rg6 Rc4 40.b5 Rxa4 41.Rxg7 b6 42.d6 Rxd4 43.Rxa7
Rxd6 44.Rb7 Rg6+ 45.Kh3 Kc8 46.Rh7 Rg5 47.f4 Rxb5 48.Kg4 Kd8 49.f5 Rb2 50.Rxh6
Rxf2 51.Kg5 Ke7 52.Rh7+ Kf8 53.h4 b5 54.h5 Rg2+ 55.Kf6 Kg8 56.Rb7 Rb2 57.Rg7+
Kh8 58.Rg4 Ra2 59.Kg6 Ra8 60.Re4 Rg8+ 61.Kf7 Kh7 62.f6 Rb8 63.Re8 Rb6 64.Ke7
Rb7+ 65.Ke6 Rb6+ 66.Ke5 1-0

[Event "V  Torneo Internacional A.D. San Juan"]
[Site "Pamplona (Navarra). Hotel Blanca de Navarra (Avda.
[Date "2011.07.31"]
[Round "9"]
[Board "1"]
[White "Vazquez Igarza, Renier"]
[Black "Solodovnichenko, Yuri"]
[Result "1-0"]
[WhiteElo "2561"]
[BlackElo "2615"]
[PlyCount "71"]
[EventDate "2011.07.25"]
[EventRounds "9"]
[EventCountry "ESP"]

1.d4 g6 2.Nf3 Bg7 3.g3 c5 4.c3 Qc7 5.Bg2 Nf6 6.O-O O-O 7.Re1 cxd4 8.cxd4 Ne4
9.Ng5 d5 10.Nxe4 dxe4 11.Bxe4 Rd8 12.d5 Bh3 13.Nc3 Na6 14.Be3 Nb4 15.Qb3 Qa5
16.a3 Na6 17.Bf3 b6 18.Bd2 Rac8 19.Rac1 Nc5 20.Qc4 b5 21.Qxb5 Qxb5 22.Nxb5 Bxb2
23.Rb1 Na4 24.Nxa7 Rc2 25.Bb4 e6 26.Nc6 Rd7 27.Be4 Rc4 28.Bd3 exd5 29.Ne7+ Kg7
30.Nxd5 Rd4 31.Nf4 Bf5 32.e4 Bc3 33.Bb5 Rxe4 34.Rxe4 Bxe4 35.Bxd7 Bxb1 36.Bxa4 1-0